000 00559nam a2200229Ia 4500
003 OSt
005 20221005122413.0
006 a|||||r|||| 00| 0
007 ta
008 221004b |||||||| |||| 00| 0 mal d
024 _a59300
037 _cTextual
040 _aCRL
_cCRL
_bmal
041 _2mal
_amal
082 _aV2,8wM76, 32J6
100 _aChaccko Au.
_9631919
245 0 _aJeevitha smaranakal
260 _c1956
650 _aHISTORY
942 _hV2,8wM76, 32J6
_cTEXL
_2cc
999 _c1044176
_d1044176